000 01218cac a2200217 a 4500
003 CO-PeBPM
005 20250327135354.0
007 ta
008 231129s1979||||ck ||||||||||||| ||spa||
040 _aCO-PeBPM
_bspa
_cCO-PeBPM
_erda
041 _aspa
082 0 4 _a133.901 R598e
_222
100 1 0 _aRitz, Charles
_eautor
245 1 0 _aEl espiritismo al desnudo
_c/ Charles Ritz
260 _aBogotá, Colombia
_b: Cí­rculo de Lectores
_c1979
300 _a199 páginas
_c19,5 centímetros
500 _aIncluye índice al final del texto
520 _aUn libro que explica todos los enigmas del espiritismo. ¿Cómo son las sesiones espiritistas? ¿Existen otros medios de comunicación con el más allá? ¿Cómo se realizan las materializaciones? ¿Cómo se determina la identidad de los espíritus que se manifiestan? ¿Qué es el médium, cuáles son sus conceptos y funciones? ¿Cuál es el concepto Karma? ¿Cuáles son y cómo se manifiestan los fenómenos paranormales? ¿Qué es el sexto sentido y los fenómenos Psi-Gamma? Jesucristo fue el primer espiritista. La mente humana es una máquina del tiempo. ¿Cuáles son las teorías de la reencarnación?
650 1 4 _aEspiritismo
_2LEMB
942 _2ddc
_cBK
999 _c11016
_d11016